Soup or Salad? Quiz Stats

 Plays Quiz Updated Aug 26, 2014

Support Sporcle.
Go Orange.
Score 0/34 Timer 03:00
0 Plays Today
Dish Soup (A) or Salad (B)? % Correct
Gumbo???
83.9%
Gazpacho???
83.1%
Bouillabaisse???
80.9%
Borscht???
80.1%
Phở???
78.9%
Cobb???
78.1%
Caprese???
76.1%
Mulligatawny???
72.3%
Tom Yum???
72%
Cock-A-Leekie???
71.2%
Vichyssoise???
69.6%
Niçoise???
66.5%
Tabbouleh???
66.3%
Watergate???
65.6%
Panzanella???
61.9%
Michigan???
61.6%
Menudo???
60.7%
Dish Soup (A) or Salad (B)? % Correct
Gomguk???
60.3%
Fattoush???
56.5%
Dashi???
54.7%
Glorified Rice???
54.1%
Waterzooi???
52.8%
Lohikeitto???
52.5%
Crab Louie???
50.4%
Avgolemono???
50.2%
Snert???
49.3%
Caldo Verde???
48.5%
Candle???
48.4%
Larb???
48.3%
Salmagundi???
46.5%
Shopska???
43.4%
Matbucha???
42.2%
Gado-Gado???
39.5%
Som Tam???
29.9%

You're not logged in!

Compare scores with friends on all Sporcle quizzes.
OR
Log In

From the Vault

Astronomer Name Match-Up

by TheChigs

Gravity isn't going to pull these names together. That's where you come in.
Remove Ads.
Support Sporcle.
Get the best of Sporcle when you Go Orange. This ad-free experience offers more features, more stats, and more fun while also helping to support Sporcle. Thank you for becoming a member.

Show Comments

Extras

Top Quizzes Today


Score Distribution

Your Account Isn't Verified!

In order to create a playlist on Sporcle, you need to verify the email address you used during registration. Go to your Sporcle Settings to finish the process.

Report this User

Report this user for behavior that violates our Community Guidelines.

Details: